Największe miasta świata na literę A - Statystyki

Ogólne statystyki
  • Ten quiz został rozwiązany 90 razy
  • Średni wynik to 10 z 20
Statystyki odpowiedzi
Państwo Populacja Miasto % Poprawnych
Holandia 2,53 mln Amsterdam
96%
Grecja 3,58 mln Ateny
88%
Algieria 4,25 mln Algier
84%
Turcja 5,15 mln Ankara
84%
Madagaskar 3,05 mln Antananarywa
77%
Jordania 6 mln Amman
76%
Nigeria 2,9 mln Abudża
69%
Etiopia 4,73 mln Addis Abeba
67%
Ghana 6,6 mln Akra
65%
Paragwaj 2,15 mln Asunción
61%
Stany Zjednoczone 6,1 mln Atlanta
60%
Kazachstan 2,63 mln Almaty
52%
Stany Zjednoczone 2,23 mln Austin
37%
Egipt 6,2 mln Alexandria
32%
Indie 2,55 mln Agra
25%
Wybrzeże Kości Słoniowej 6,8 mln Abidjan
15%
Indie 9,6 mln Ahmedabad
15%
Arabia Saudyjska 2,83 mln Ad-Dammam
5%
Chiny 2,35 mln Anshan
3%
Indie 2,03 mln Aurangabad
1%
Nie znaleziono quizów pasujących do podanych kryteriów
Rozkład punktacji
Procent ludzi z każdym wynikiem
Percentyl według liczby udzielonych odpowiedzi
Twoja historia wyników
Nie rozwiązałeś tego quizu